02071cam a2200373 a 45000010008000000030004000080050017000120060019000290070015000480080041000630200025001040200015001290350026001440400063001700820021002332100041002542450172002952600032004673000035004994900101005344900051006355000367006865040051010535060043011046500029011476500038011767000020012147110099012347730050013338300046013838300082014298300054015118560132015657919962OSt20150408113915.0m d cr n 110828s2009 gw a f b 10| 0 eng d a9783642003981 (pbk.) a3642003982 a(WaSeSS)ssj0000319170 aBTCTAcدار اجنادينdOHXdZCUdYDXCPdDLCdWaSeSS 221a006.3bN E W10aNew frontiers in applied data mining00aNew frontiers in applied data mining /bPAKDD 2008 International Workshops, Osaka, Japan, May 20-23, 2008 : revised selected papers /cSanjay Chawla ... [et al.], eds. aBerlin :bSpringer,cc2009. axiv, 212 p. :bill. ; c24 cm.1 aLecture notes in computer science,x0302-9743 ;v5433.aLecture notes in artificial intelligence1 aLNCS sublibrary. SL 7, Artificial intelligence aPapers from three workshops held in conjunction with the 12th Pacific-Asia Conference on Knowledge Discovery and Data Mining: International Workshop on Algorithms for Large-Scale Information Processing in Knowledge Discovery (ALSIP 2008); Workshop on Data Mining for Decision Making and Risk Management; International Workshop on Interactive Data Mining (IDM08). aIncludes bibliographical references and index. aLicense restrictions may limit access. 0aData miningvCongresses. 0aKnowledge managementvCongresses.1 aChawla, Sanjay.2 aPacific-Asia Conference on Knowledge Discovery and Data Miningn(12th :d2008 :cOsaka, Japan) 0tSpringerLink ebooks - Computer Science (2009) 0aLecture notes in computer science ;v5433 0aLecture notes in computer science.pLecture notes in artificial intelligence. 0aLNCS sublibrary.nSL 7,pArtificial intelligence.40uhttp://www.columbia.edu/cgi-bin/cul/resolve?clio7919962zFull text available from SpringerLink ebooks - Computer Science (2009)